[Event "I SCS Open GM Chess Tournament"]
[Site "Bhubaneswar IND"]
[Date "2009.06.07"]
[Round "1"]
[White "Sergei, Tiviakov"]
[Black "Madhav N, Venu"]
[Result "1-0"]
[WhiteElo "2697"]
[BlackElo "1981"]
[PlyCount "73"]
[EventDate "2009.06.07"]
[EventType "swiss"]
[EventRounds "10"]
[EventCountry "IND"]
[Source "lmi"]
[SourceDate "2009.06.07"]

1. e4 e6 2. d4 d5 3. Nd2 Nf6 4. e5 Nfd7 5. c3 c5 6. Bd3 Nc6 7. Ne2 cxd4 8. cxd4
Be7 9. O-O Qb6 10. Nf3 h6 11. b3 Ndb8 12. Be3 Bd7 13. a3 a6 14. Nc3 Na7 15. Re1
Bb5 16. Bc2 Nd7 17. Nd2 Rc8 18. Ndb1 h5 19. Qd2 Bc6 20. Ne2 Bb5 21. Nf4 a5 22.
Bd1 Nc6 23. Nxh5 g6 24. Nf4 Ndxe5 25. Nxd5 exd5 26. dxe5 d4 27. Bg5 Qc7 28. Bf4
Qb6 29. e6 f6 30. Bc2 f5 31. Nc3 Ba6 32. Nd5 Qd8 33. Nxe7 Nxe7 34. Bd3 Bxd3 35.
Qxd3 Nc6 36. Rac1 g5 37. Qxf5 1-0

[Event "I SCS Open GM Chess Tournament"]
[Site "Bhubaneswar IND"]
[Date "2009.06.07"]
[Round "1"]
[White "Sunder Sharma, Shyam"]
[Black "Igor, Kurnosov"]
[Result "0-1"]
[WhiteElo "1980"]
[BlackElo "2658"]
[PlyCount "49"]
[EventDate "2009.06.07"]
[EventType "swiss"]
[EventRounds "10"]
[EventCountry "IND"]
[Source "lmi"]
[SourceDate "2009.06.07"]

1. d4 g6 2. c4 Bg7 3. Nc3 d6 4. Nf3 Nf6 5. e3 O-O 6. Bd3 Nc6 7. a3 e5 8. O-O
Re8 9. Qc2 Bg4 10. dxe5 dxe5 11. Nd2 a5 12. h3 Be6 13. Nce4 Nxe4 14. Nxe4 Qe7
15. Ng3 Red8 16. Ne2 Qd7 17. Be4 f5 18. Bxc6 Qxc6 19. Bd2 Qxc4 20. Bc3 Bd5 21.
Rfe1 b5 22. b4 c5 23. Qb2 axb4 24. axb4 Rxa1 25. Rxa1 0-1

[Event "I SCS Open GM Chess Tournament"]
[Site "Bhubaneswar IND"]
[Date "2009.06.07"]
[Round "1"]
[White "Zakia, Sultana"]
[Black "Yuri, Drozdovskij"]
[Result "0-1"]
[WhiteElo "1973"]
[BlackElo "2603"]
[PlyCount "80"]
[EventDate "2009.06.07"]
[EventType "swiss"]
[EventRounds "10"]
[EventCountry "IND"]
[Source "lmi"]
[SourceDate "2009.06.07"]

1. d4 d5 2. Nf3 Nf6 3. Bf4 c5 4. e3 Qb6 5. Qc1 Nc6 6. c3 Bf5 7. Nbd2 Rc8 8. Be2
e6 9. h3 h6 10. Nb3 cxd4 11. exd4 Be7 12. O-O O-O 13. Qd1 a5 14. a4 Ne4 15. Ne5
Rfd8 16. Bb5 Nd6 17. Qe2 Na7 18. g4 Bh7 19. Rfe1 Naxb5 20. axb5 Nxb5 21. Nxa5
Nd6 22. Rec1 Ra8 23. b4 Rdc8 24. Qb2 Qb5 25. Nb3 f6 26. Nf3 Rxa1 27. Nxa1 Be4
28. Ne1 Kf7 29. Nb3 b6 30. f3 Bg6 31. Qh2 Nc4 32. Nd2 Nb2 33. Nf1 Na4 34. Bd2
Qc4 35. Ne3 Qa2 36. h4 Qa3 37. N3c2 Qb2 38. Ne3 Qa3 39. b5 Bd6 40. Qe2 Nxc3 0-1

[Event "I SCS Open GM Chess Tournament"]
[Site "Bhubaneswar IND"]
[Date "2009.06.07"]
[Round "1"]
[White "Pratik, Patil"]
[Black "Abhijeet, Gupta"]
[Result "0-1"]
[WhiteElo "1970"]
[BlackElo "2570"]
[PlyCount "47"]
[EventDate "2009.06.07"]
[EventType "swiss"]
[EventRounds "10"]
[EventCountry "IND"]
[Source "lmi"]
[SourceDate "2009.06.07"]

1. e4 c5 2. Nf3 d6 3. d4 cxd4 4. Nxd4 Nf6 5. Nc3 Nc6 6. Be2 e5 7. Nb3 Be7 8.
O-O O-O 9. Be3 a5 10. a4 Be6 11. f3 Nb4 12. Qd2 d5 13. exd5 Nfxd5 14. Nxd5 Nxd5
15. Rfd1 Qc7 16. Rac1 Rfd8 17. Bb5 Nxe3 18. Qxe3 Rxd1+ 19. Rxd1 Qxc2 20. Rd2
Qxb3 21. Qxe5 Qb4 22. Rc2 Rd8 23. Be2 Qe1+ 24. Bf1 0-1

[Event "I SCS Open GM Chess Tournament"]
[Site "Bhubaneswar IND"]
[Date "2009.06.07"]
[Round "1"]
[White "Sayan, Bose"]
[Black "Georgy, Timoshenko"]
[Result "0-1"]
[WhiteElo "1954"]
[BlackElo "2550"]
[PlyCount "94"]
[EventDate "2009.06.07"]
[EventType "swiss"]
[EventRounds "10"]
[EventCountry "IND"]
[Source "lmi"]
[SourceDate "2009.06.07"]

1. e4 c5 2. Nf3 d6 3. d4 cxd4 4. Nxd4 Nf6 5. f3 a6 6. c4 e5 7. Nc2 Be7 8. Be2
O-O 9. O-O b5 10. Kh1 bxc4 11. Ne3 Be6 12. Bxc4 Nbd7 13. Nc3 a5 14. Ncd5 Nb6
15. b3 Nfxd5 16. Bxd5 Ra7 17. Ba3 a4 18. b4 Bg5 19. Qd3 Bxe3 20. Qxe3 Bxd5 21.
exd5 Qb8 22. Qd3 Rc7 23. Rfc1 Rfc8 24. b5 Nc4 25. Rab1 Qb6 26. h3 g6 27. Rb4
Nxa3 28. Rxc7 Rxc7 29. Qxa3 Kg7 30. Rb1 Rc4 31. Qd3 Rd4 32. Qc2 Rxd5 33. Qxa4
Rd2 34. Qa6 Qxa6 35. bxa6 Rxa2 36. Rb6 d5 37. Rb5 d4 38. Rxe5 Rxa6 39. Kg1 f5
40. Rd5 Ra4 41. Rd7+ Kf6 42. Rxh7 Ke5 43. g3 f4 44. g4 d3 45. Kf2 Ra2+ 46. Kf1
Ra1+ 47. Kf2 d2 0-1

[Event "I SCS Open GM Chess Tournament"]
[Site "Bhubaneswar IND"]
[Date "2009.06.07"]
[Round "1"]
[White "Roman, Ovetchkin"]
[Black "Prakash, Nepal"]
[Result "1-0"]
[WhiteElo "2549"]
[BlackElo "1947"]
[PlyCount "65"]
[EventDate "2009.06.07"]
[EventType "swiss"]
[EventRounds "10"]
[EventCountry "IND"]
[Source "lmi"]
[SourceDate "2009.06.07"]

1. e4 c5 2. Nf3 d6 3. c3 Nf6 4. h3 Nc6 5. Bd3 a6 6. Bc2 b5 7. d4 cxd4 8. cxd4
Nb4 9. Bb3 e6 10. Nc3 d5 11. e5 Nd7 12. Bg5 Qb6 13. O-O Nc6 14. Rc1 Bb7 15. Bc2
Rc8 16. Bb1 g6 17. Ne2 Bg7 18. Qd2 h6 19. Be3 Qd8 20. Nf4 O-O 21. Nd3 Kh7 22.
Nc5 Nxc5 23. Rxc5 Re8 24. h4 Bf8 25. Rcc1 Qa5 26. Rxc6 Qxd2 27. Rxc8 Qxb2 28.
Rxe8 Bb4 29. h5 Kg7 30. hxg6 fxg6 31. Rxe6 g5 32. Re8 Ba8 33. Rxa8 1-0

[Event "I SCS Open GM Chess Tournament"]
[Site "Bhubaneswar IND"]
[Date "2009.06.07"]
[Round "1"]
[White "Sanjay Date, Dr"]
[Black "Enamul, Hossain"]
[Result "0-1"]
[WhiteElo "1945"]
[BlackElo "2531"]
[PlyCount "73"]
[EventDate "2009.06.07"]
[EventType "swiss"]
[EventRounds "10"]
[EventCountry "IND"]
[Source "lmi"]
[SourceDate "2009.06.07"]

1. e4 c5 2. Nf3 e6 3. d4 cxd4 4. Nxd4 a6 5. a3 Nf6 6. Nc3 Qc7 7. Be2 b5 8. Bf3
Bb7 9. O-O d6 10. Re1 Nbd7 11. Bg5 Be7 12. Qd2 Ne5 13. Be2 O-O 14. f3 Rfd8 15.
Rad1 h6 16. Bxf6 Bxf6 17. f4 Ng6 18. Bf1 Bxd4+ 19. Qxd4 Nxf4 20. g3 Ng6 21. Bg2
Ne5 22. Qb4 Nc6 23. Qb3 Qb6+ 24. Kh1 Nd4 25. Na4 Qa7 26. Qd3 e5 27. Nc3 Rac8
28. Rd2 Qc5 29. Rc1 b4 30. axb4 Qxb4 31. Rb1 Ne6 32. Kg1 Rc4 33. Na2 Qc5+ 34.
Kh1 d5 35. exd5 Rd4 36. Qe2 Bxd5 37. Bxd5 0-1

[Event "I SCS Open GM Chess Tournament"]
[Site "Bhubaneswar IND"]
[Date "2009.06.07"]
[Round "1"]
[White "Yaroslav, Zinchenko"]
[Black "Sahajasri, Cholleti"]
[Result "1-0"]
[WhiteElo "2531"]
[BlackElo "1943"]
[PlyCount "76"]
[EventDate "2009.06.07"]
[EventType "swiss"]
[EventRounds "10"]
[EventCountry "IND"]
[Source "lmi"]
[SourceDate "2009.06.07"]

1. e4 c5 2. Nf3 d6 3. d4 cxd4 4. Nxd4 Nf6 5. Nc3 a6 6. a4 e5 7. Nf3 h6 8. Bc4
Be7 9. O-O O-O 10. Nh4 Kh8 11. Ba2 Nc6 12. h3 Nd4 13. Be3 Nh7 14. Nf3 Nxf3+ 15.
Qxf3 f5 16. exf5 Bxf5 17. Qxb7 Bxc2 18. Rac1 Bf5 19. Nd5 Bg5 20. Bb1 Bxb1 21.
Rxb1 Qa5 22. Bxg5 Nxg5 23. Ne7 Rfb8 24. Qc6 Qb6 25. Qc2 Qb3 26. Qc7 Qe6 27. b4
Re8 28. Nc6 Nxh3+ 29. gxh3 Qxh3 30. Rfc1 Re6 31. Ne7 Re8 32. Rc3 R6xe7 33. Qc6
Qf5 34. Qxa6 d5 35. Qc6 Qd7 36. Qxd7 Rxd7 37. Re1 Ra8 38. b5 d4 1-0

[Event "I SCS Open GM Chess Tournament"]
[Site "Bhubaneswar IND"]
[Date "2009.06.07"]
[Round "1"]
[White "Anuar, Ismagambetov"]
[Black "Sagar Dash, Sanket"]
[Result "1-0"]
[WhiteElo "2525"]
[BlackElo "1937"]
[PlyCount "43"]
[EventDate "2009.06.07"]
[EventType "swiss"]
[EventRounds "10"]
[EventCountry "IND"]
[Source "lmi"]
[SourceDate "2009.06.07"]

1. e4 c5 2. Nf3 e6 3. d4 cxd4 4. Nxd4 Nf6 5. Nc3 d6 6. Bg5 a6 7. f4 Be7 8. Qf3
Nbd7 9. O-O-O O-O 10. g4 Qc7 11. Bh4 Nb6 12. g5 Ne8 13. f5 e5 14. f6 Bd8 15.
Nf5 Bxf5 16. fxg7 Nxg7 17. exf5 f6 18. g6 hxg6 19. fxg6 f5 20. Bxd8 Raxd8 21.
Nd5 e4 22. Qh3 1-0

[Event "I SCS Open GM Chess Tournament"]
[Site "Bhubaneswar IND"]
[Date "2009.06.07"]
[Round "1"]
[White "Balaram, Napit"]
[Black "Sergey, Vokarev"]
[Result "0-1"]
[WhiteElo "1934"]
[BlackElo "2521"]
[PlyCount "44"]
[EventDate "2009.06.07"]
[EventType "swiss"]
[EventRounds "10"]
[EventCountry "IND"]
[Source "lmi"]
[SourceDate "2009.06.07"]

1. e4 c5 2. Nf3 Nc6 3. d4 cxd4 4. Nxd4 g6 5. Be3 Nf6 6. Nc3 Bg7 7. Be2 O-O 8.
O-O d5 9. exd5 Nb4 10. Qd2 Nbxd5 11. Nxd5 Nxd5 12. Bh6 Bxh6 13. Qxh6 Qb6 14.
Nb3 Bf5 15. c3 e5 16. g3 Rad8 17. Rfe1 Rfe8 18. Bf3 Nf6 19. h3 Rd3 20. Kg2 Rxf3
21. Kxf3 Qc6+ 22. Ke3 Qe4+ 0-1

[Event "I SCS Open GM Chess Tournament"]
[Site "Bhubaneswar IND"]
[Date "2009.06.07"]
[Round "1"]
[White "Dasharathi, Sahoo"]
[Black "Das, Neelotpal"]
[Result "0-1"]
[WhiteElo "1928"]
[BlackElo "2514"]
[PlyCount "136"]
[EventDate "2009.06.07"]
[EventType "swiss"]
[EventRounds "10"]
[EventCountry "IND"]
[Source "lmi"]
[SourceDate "2009.06.07"]

1. e4 c5 2. Nf3 e6 3. c3 Nf6 4. Bd3 Nc6 5. Bc2 Be7 6. e5 Nd5 7. d4 cxd4 8. cxd4
d6 9. O-O Bd7 10. a3 Rc8 11. Nbd2 Qc7 12. Re1 Nxe5 13. dxe5 Qxc2 14. Qxc2 Rxc2
15. Nd4 Rc7 16. exd6 Bxd6 17. Nf5 Bf8 18. Nf3 f6 19. Ng3 Kf7 20. Ne4 Be7 21.
Be3 Rhc8 22. Bd4 b6 23. Nc3 Nf4 24. Rad1 Bc6 25. Be3 Nd5 26. Nxd5 Bxd5 27. Nd4
a6 28. Nf5 Bf8 29. Nd4 b5 30. Ne2 Rc2 31. Rc1 b4 32. axb4 Bxb4 33. Red1 R8c4
34. Nd4 Rxb2 35. Rxc4 Bxc4 36. Nc6 Bd6 37. h3 Bd3 38. g3 Rb1 39. Rxb1 Bxb1 40.
Bd2 Bd3 41. h4 e5 42. f3 Bc5+ 43. Kg2 Ke6 44. Nb4 Bb5 45. Na2 Kd5 46. Nc3+ Kc4
47. Ne4 Bb6 48. g4 Bc6 49. Nd6+ Kd3 50. Bb4 a5 51. Ba3 Ke2 52. Kg3 Bxf3 53. Ne8
e4 54. Nxg7 Bc7+ 55. Kh3 Kf1 56. g5 fxg5 57. hxg5 e3 58. Nf5 e2 59. Ne3+ Kf2
60. Bc5 e1=Q 61. Nc2+ Ke2 62. Nxe1 Kxe1 63. Be7 Kd2 64. Kh4 Kc2 65. Bf8 a4 66.
Bg7 a3 67. g6 hxg6 68. Kg5 Be4 0-1

[Event "I SCS Open GM Chess Tournament"]
[Site "Bhubaneswar IND"]
[Date "2009.06.07"]
[Round "1"]
[White "Rustam, Khusnutdinov"]
[Black "Kumar Banerjee, Sumit"]
[Result "1-0"]
[WhiteElo "2507"]
[BlackElo "1928"]
[PlyCount "59"]
[EventDate "2009.06.07"]
[EventType "swiss"]
[EventRounds "10"]
[EventCountry "IND"]
[Source "lmi"]
[SourceDate "2009.06.07"]

1. e4 d5 2. exd5 Qxd5 3. Nc3 Qa5 4. Nf3 Nf6 5. d4 Bg4 6. h3 Bh5 7. g4 Bg6 8.
Ne5 Nbd7 9. Nc4 Qa6 10. Bf4 Qe6+ 11. Ne3 O-O-O 12. d5 Nxd5 13. Qxd5 Qxd5 14.
Ncxd5 c6 15. Nc3 e5 16. Bg3 Bb4 17. O-O-O f6 18. Bd3 Bf7 19. Bc4 Bg6 20. f4 b5
21. Bd3 exf4 22. Bxf4 Bf7 23. Nf5 Nc5 24. Nd6+ Rxd6 25. Bxd6 Nxd3+ 26. Rxd3
Bxd6 27. Rxd6 Kc7 28. Rhd1 Bd5 29. Nxb5+ Kb6 30. R1xd5 1-0

[Event "I SCS Open GM Chess Tournament"]
[Site "Bhubaneswar IND"]
[Date "2009.06.07"]
[Round "1"]
[White "Chopra, Dk"]
[Black "Amon, Simutowe"]
[Result "0-1"]
[WhiteElo "1923"]
[BlackElo "2486"]
[PlyCount "66"]
[EventDate "2009.06.07"]
[EventType "swiss"]
[EventRounds "10"]
[EventCountry "IND"]
[Source "lmi"]
[SourceDate "2009.06.07"]

1. d4 Nf6 2. Nf3 e6 3. Bg5 b6 4. e4 h6 5. Bxf6 Qxf6 6. Bd3 Bb7 7. O-O c5 8. e5
Bxf3 9. gxf3 Qg5+ 10. Kh1 cxd4 11. Be4 Nc6 12. Bxc6 dxc6 13. Qxd4 Qf5 14. Qc3
c5 15. Na3 Be7 16. Rad1 O-O 17. Rd7 Bg5 18. Nc4 Bf4 19. Rg1 Rad8 20. Rd3 Qh3
21. Rg2 Bxh2 22. f4 Rxd3 23. cxd3 Bxf4+ 24. Kg1 Rd8 25. Nd6 Qf3 26. Qe1 Qxd3
27. b3 Qd5 28. Nc4 b5 29. Ne3 Qxe5 30. Rg4 Rd4 31. Qe2 Bxe3 32. fxe3 Rxg4+ 33.
Qxg4 Qg5 0-1

[Event "I SCS Open GM Chess Tournament"]
[Site "Bhubaneswar IND"]
[Date "2009.06.07"]
[Round "1"]
[White "Chakraborty, Aditya"]
[Black "B, Adhiban"]
[Result "0-1"]
[WhiteElo "1915"]
[BlackElo "2483"]
[PlyCount "54"]
[EventDate "2009.06.07"]
[EventType "swiss"]
[EventRounds "10"]
[EventCountry "IND"]
[Source "lmi"]
[SourceDate "2009.06.07"]

1. e4 c5 2. Nf3 d6 3. d4 cxd4 4. Nxd4 Nf6 5. Nc3 a6 6. Be2 e5 7. Nb3 Be7 8. Bg5
Be6 9. Bxf6 Bxf6 10. Qd3 Be7 11. O-O-O Nd7 12. Nd5 Bxd5 13. Qxd5 Qc7 14. Kb1
O-O 15. h4 Rfc8 16. Qd2 a5 17. Bg4 a4 18. Bxd7 Qxd7 19. Nc1 Rc4 20. Nd3 Qb5 21.
f3 Bd8 22. Rh3 Rac8 23. Ne1 Ba5 24. Qe2 a3 25. b3 Bxe1 26. Rxe1 Qb4 27. f4 Rxc2
0-1

[Event "I SCS Open GM Chess Tournament"]
[Site "Bhubaneswar IND"]
[Date "2009.06.07"]
[Round "1"]
[White "Behera, Gobardhan"]
[Black "Babu M R, Lalith"]
[Result "0-1"]
[WhiteElo "1903"]
[BlackElo "2480"]
[PlyCount "34"]
[EventDate "2009.06.07"]
[EventType "swiss"]
[EventRounds "10"]
[EventCountry "IND"]
[Source "lmi"]
[SourceDate "2009.06.07"]

1. e4 Nc6 2. d4 e5 3. Nf3 exd4 4. Nxd4 Nf6 5. Bg5 h6 6. Nxc6 bxc6 7. Bxf6 Qxf6
8. c3 Bc5 9. Qc2 O-O 10. Bd3 d5 11. f3 Qg5 12. a4 dxe4 13. fxe4 Rd8 14. Be2 Qe3
15. Rf1 Bg4 16. Na3 Re8 17. Nc4 Qxe4 0-1

[Event "I SCS Open GM Chess Tournament"]
[Site "Bhubaneswar IND"]
[Date "2009.06.07"]
[Round "1"]
[White "Chowdhury, Roy"]
[Black "Vel, Jitendria"]
[Result "1/2-1/2"]
[WhiteElo "2469"]
[BlackElo "1899"]
[PlyCount "61"]
[EventDate "2009.06.07"]
[EventType "swiss"]
[EventRounds "10"]
[EventCountry "IND"]
[Source "lmi"]
[SourceDate "2009.06.07"]

1. e4 c5 2. Nf3 d6 3. Bc4 g6 4. O-O Bg7 5. c3 Nf6 6. d3 O-O 7. Nbd2 Nc6 8. Bb3
b5 9. Re1 a5 10. d4 a4 11. Bc2 cxd4 12. cxd4 e5 13. d5 Nb4 14. Bb1 Ne8 15. Nf1
f5 16. exf5 gxf5 17. a3 Na6 18. Ng5 Nac7 19. Ba2 Qe7 20. Nf3 Kh8 21. Bd2 Bf6
22. Nd4 Qf7 23. Nc6 Rg8 24. Bc3 Qg7 25. g3 f4 26. Qd3 Qg5 27. Bb1 Rg6 28. Qd2
Rh6 29. Be4 Bg4 30. Qc2 Bg7 31. Nd2 1/2-1/2

[Event "I SCS Open GM Chess Tournament"]
[Site "Bhubaneswar IND"]
[Date "2009.06.08"]
[Round "2"]
[White "Sayantan, Das"]
[Black "Sergei, Tiviakov"]
[Result "1/2-1/2"]
[WhiteElo "2238"]
[BlackElo "2697"]
[PlyCount "43"]
[EventDate "2009.06.07"]
[EventType "swiss"]
[EventRounds "10"]
[EventCountry "IND"]
[Source "lmi"]
[SourceDate "2009.06.07"]

1. e4 d5 2. exd5 Qxd5 3. Nf3 Nf6 4. d4 c6 5. Be2 g6 6. O-O Bg7 7. c4 Qd8 8. Nc3
O-O 9. h3 Na6 10. Be3 Bf5 11. a3 Ne4 12. Qb3 Qc8 13. Rac1 Nxc3 14. Qxc3 Rd8 15.
Rfd1 Nc7 16. b4 Ne8 17. Qb3 Nf6 18. Ne5 Nd7 19. f4 Be4 20. Bg4 e6 21. Bf2 f5
22. Bf3 1/2-1/2

[Event "I SCS Open GM Chess Tournament"]
[Site "Bhubaneswar IND"]
[Date "2009.06.08"]
[Round "2"]
[White "Igor, Kurnosov"]
[Black "T, Purushothaman"]
[Result "1-0"]
[WhiteElo "2658"]
[BlackElo "2241"]
[PlyCount "69"]
[EventDate "2009.06.07"]
[EventType "swiss"]
[EventRounds "10"]
[EventCountry "IND"]
[Source "lmi"]
[SourceDate "2009.06.07"]

1. e4 c5 2. Nf3 d6 3. d4 cxd4 4. Nxd4 Nf6 5. Nc3 a6 6. Bg5 e6 7. f4 Nbd7 8. Qe2
Qc7 9. O-O-O Be7 10. g4 b5 11. a3 Bb7 12. Bxf6 Nxf6 13. g5 Nd7 14. h4 Nb6 15.
f5 e5 16. Nb3 O-O-O 17. Nd5 Nxd5 18. exd5 f6 19. Qd2 Rdf8 20. Rh3 Kb8 21. Rc3
Qb6 22. Na5 Qxa5 23. Rc8+ Rxc8 24. Qxa5 fxg5 25. a4 Rc5 26. axb5 Rhc8 27. hxg5
Bxg5+ 28. Kb1 axb5 29. Qb6 Rxc2 30. Qxd6+ Ka7 31. Rd3 b4 32. Qxb4 Rc1+ 33. Ka2
Rxf1 34. Rb3 Rc7 35. d6 1-0

[Event "I SCS Open GM Chess Tournament"]
[Site "Bhubaneswar IND"]
[Date "2009.06.08"]
[Round "2"]
[White "Sahaj, Grover"]
[Black "Yuriy, Kuzubov"]
[Result "1/2-1/2"]
[WhiteElo "2234"]
[BlackElo "2632"]
[PlyCount "119"]
[EventDate "2009.06.07"]
[EventType "swiss"]
[EventRounds "10"]
[EventCountry "IND"]
[Source "lmi"]
[SourceDate "2009.06.07"]

1. e4 c5 2. Nf3 Nc6 3. d4 cxd4 4. Nxd4 e5 5. Nb5 d6 6. a4 a6 7. N5c3 Be6 8. Na3
Rc8 9. Nd5 Bxd5 10. exd5 Nce7 11. Nc4 Nf6 12. Ne3 g6 13. g3 Bg7 14. Bg2 O-O 15.
O-O Nd7 16. c3 f5 17. f4 e4 18. Rf2 Kh8 19. Bf1 Ng8 20. Be2 Ngf6 21. a5 Rc5 22.
Qb3 Qc7 23. Qa2 b5 24. axb6 Nxb6 25. Bd2 Nfxd5 26. Qxa6 h5 27. Qa2 Rb8 28. Qb1
Nf6 29. Ra6 Nbd5 30. Qa2 Kh7 31. Rf1 Qb7 32. Bc1 Nxe3 33. Bxe3 Rc7 34. Ra7 Qc8
35. Rxc7 Qxc7 36. Bd4 Ng4 37. Rd1 Re8 38. Qd5 e3 39. Bxg7 Qxg7 40. Qxd6 Nf2 41.
Rd4 Re7 42. Qc6 h4 43. gxh4 Ra7 44. Kg2 Ne4 45. Bd3 Nf6 46. Rd6 Nh5 47. Kf3 Re7
48. Re6 Rxe6 49. Qxe6 Qb7+ 50. Kxe3 Qxb2 51. Qf7+ Kh6 52. Qf8+ Kh7 53. Qf7+ Kh6
54. Qf8+ Kh7 55. Qe7+ Kh6 56. Qe5 Kh7 57. Qe7+ Kh6 58. Qf8+ Kh7 59. Qf7+ Kh6
60. Qf8+ 1/2-1/2

[Event "I SCS Open GM Chess Tournament"]
[Site "Bhubaneswar IND"]
[Date "2009.06.08"]
[Round "2"]
[White "Yuri, Drozdovskij"]
[Black "Rout, Padmini"]
[Result "1/2-1/2"]
[WhiteElo "2603"]
[BlackElo "2238"]
[PlyCount "151"]
[EventDate "2009.06.07"]
[EventType "swiss"]
[EventRounds "10"]
[EventCountry "IND"]
[Source "lmi"]
[SourceDate "2009.06.07"]

1. d4 Nf6 2. c4 g6 3. Nc3 d5 4. e3 Bg7 5. Qb3 c6 6. Nf3 O-O 7. Bd2 e6 8. Bd3
Nbd7 9. O-O b6 10. cxd5 cxd5 11. Nb5 a5 12. Rfc1 Ne4 13. Be1 Bb7 14. Nd2 e5 15.
Nf1 Rc8 16. Rxc8 Qxc8 17. f3 Ng5 18. Nd6 Qc7 19. Nxb7 Qxb7 20. dxe5 Nxe5 21.
Be2 Nc4 22. Bxc4 dxc4 23. Qxc4 Rc8 24. Qe2 Ne6 25. Rd1 Qc6 26. b3 a4 27. Bb4
axb3 28. axb3 b5 29. Rd2 h5 30. h3 Ra8 31. Rd6 Qb7 32. Rd1 Qc6 33. Ng3 Ra1 34.
Rxa1 Bxa1 35. Qd2 Be5 36. Ne4 f5 37. Nc3 Bxc3 38. Bxc3 f4 39. exf4 Nxf4 40. Kh1
Nd5 41. Bb2 Kf7 42. Qd4 Ke8 43. Qg7 Kd8 44. Be5 Ke8 45. Kh2 Ne7 46. Bf4 Qe6 47.
Qc3 Nd5 48. Qh8+ Kd7 49. Qg7+ Ke8 50. Bg5 Qd6+ 51. Kh1 Qc6 52. Qg8+ Kd7 53.
Qf7+ Kc8 54. Bd2 Kd8 55. Be1 Kc8 56. Bg3 Kd8 57. Qf8+ Kd7 58. Kh2 Ke6 59. Qg7
Ne7 60. Qe5+ Kd7 61. Qd4+ Nd5 62. Qe4 Kd8 63. Be5 Kd7 64. g4 hxg4 65. hxg4 Ne7
66. Qd3+ Ke6 67. Bf4 Qd5 68. Qxd5+ Kxd5 69. Kg3 Nc6 70. Be3 b4 71. Kf4 Na5 72.
Kg5 Nxb3 73. Kxg6 Nd4 74. f4 b3 75. Bc1 Ne2 76. Bb2 1/2-1/2

[Event "I SCS Open GM Chess Tournament"]
[Site "Bhubaneswar IND"]
[Date "2009.06.08"]
[Round "2"]
[White "Evgeny E, Vorobiov"]
[Black "Sohel, Chowdhury"]
[Result "1-0"]
[WhiteElo "2596"]
[BlackElo "2230"]
[PlyCount "73"]
[EventDate "2009.06.07"]
[EventType "swiss"]
[EventRounds "10"]
[EventCountry "IND"]
[Source "lmi"]
[SourceDate "2009.06.07"]

1. e4 e5 2. Nf3 Nc6 3. Bc4 Bc5 4. b4 Bxb4 5. c3 Be7 6. d4 d6 7. Qb3 Na5 8.
Bxf7+ Kf8 9. Qa4 c6 10. Bxg8 Kxg8 11. dxe5 dxe5 12. Ba3 Bf6 13. Nbd2 b5 14. Qb4
Be6 15. O-O Nb7 16. Rad1 a5 17. Qb1 Qb6 18. c4 Re8 19. Bb2 Bf7 20. Qa1 Qc7 21.
cxb5 cxb5 22. Rc1 Qe7 23. Rc6 Nc5 24. Bxe5 Bxe5 25. Nxe5 Nxe4 26. Nxe4 Qxe5 27.
Qxe5 Rxe5 28. Nd6 Kf8 29. Rc8+ Be8 30. f4 Re2 31. Nxb5 Ke7 32. Rfc1 Rf8 33.
R1c7+ Kf6 34. Nc3 Re6 35. Nd5+ Kg6 36. Ra8 a4 37. Raa7 1-0

[Event "I SCS Open GM Chess Tournament"]
[Site "Bhubaneswar IND"]
[Date "2009.06.08"]
[Round "2"]
[White "Abhijeet, Gupta"]
[Black "Mehdi, Hasan"]
[Result "1-0"]
[WhiteElo "2570"]
[BlackElo "2219"]
[PlyCount "51"]
[EventDate "2009.06.07"]
[EventType "swiss"]
[EventRounds "10"]
[EventCountry "IND"]
[Source "lmi"]
[SourceDate "2009.06.07"]

1. d4 d5 2. c4 dxc4 3. Nf3 Nf6 4. e3 e6 5. Bxc4 a6 6. O-O b5 7. Bd3 c5 8. a4 b4
9. e4 Bb7 10. e5 Nd5 11. Nbd2 Nd7 12. Ne4 cxd4 13. Bg5 Qb8 14. Bh4 Nf4 15. Bb1
d3 16. Bxd3 Nxd3 17. Qxd3 Nxe5 18. Nxe5 Qxe5 19. Rfe1 Qd5 20. Qg3 Rc8 21. Rad1
Qc6 22. Qg5 Qb6 23. a5 h6 24. Nf6+ gxf6 25. Qxf6 Qxa5 26. Rxe6+ 1-0

[Event "I SCS Open GM Chess Tournament"]
[Site "Bhubaneswar IND"]
[Date "2009.06.08"]
[Round "2"]
[White "Georgy, Timoshenko"]
[Black "Ali Syed, Nasir"]
[Result "1-0"]
[WhiteElo "2550"]
[BlackElo "2199"]
[PlyCount "61"]
[EventDate "2009.06.07"]
[EventType "swiss"]
[EventRounds "10"]
[EventCountry "IND"]
[Source "lmi"]
[SourceDate "2009.06.07"]

1. e4 c5 2. Nf3 Nc6 3. d4 cxd4 4. Nxd4 Qc7 5. Nc3 e6 6. Be2 a6 7. O-O Nf6 8.
Be3 b5 9. Nxc6 dxc6 10. f4 Be7 11. e5 Nd5 12. Nxd5 cxd5 13. c3 O-O 14. Bd4 Bd7
15. b4 f5 16. Qd2 h6 17. g4 g6 18. Kh1 Kf7 19. Rg1 Rg8 20. Rg3 a5 21. Rag1 axb4
22. cxb4 Rac8 23. Bd3 Qc6 24. a3 Rcf8 25. Qe3 Re8 26. h3 Ra8 27. gxf5 exf5 28.
e6+ Bxe6 29. Bxf5 Bf6 30. Bxg6+ Rxg6 31. Rxg6 1-0

[Event "I SCS Open GM Chess Tournament"]
[Site "Bhubaneswar IND"]
[Date "2009.06.08"]
[Round "2"]
[White "O T, Anilkumar"]
[Black "Roman, Ovetchkin"]
[Result "1/2-1/2"]
[WhiteElo "2227"]
[BlackElo "2549"]
[PlyCount "93"]
[EventDate "2009.06.07"]
[EventType "swiss"]
[EventRounds "10"]
[EventCountry "IND"]
[Source "lmi"]
[SourceDate "2009.06.07"]

1. d4 Nf6 2. Nf3 e6 3. Bf4 c5 4. c3 Nc6 5. e3 d5 6. Bd3 Qb6 7. Qc1 Nh5 8. Bg3
Nxg3 9. hxg3 g6 10. Nbd2 Bg7 11. dxc5 Qxc5 12. e4 Qe7 13. Nb3 dxe4 14. Bxe4 Bd7
15. Qe3 h5 16. Rd1 O-O 17. Bc2 e5 18. Qc5 Rfe8 19. Be4 Rac8 20. Qxe7 Rxe7 21.
Rd6 Bg4 22. O-O Rd8 23. Rfd1 Rxd6 24. Rxd6 Rc7 25. Nfd2 Bf8 26. Rd3 Be6 27. f4
exf4 28. gxf4 Rd7 29. Rxd7 Bxd7 30. g3 b6 31. Kf2 Nd8 32. Nd4 Ne6 33. N2f3 Nc5
34. Bc2 Na4 35. Ne5 Be8 36. Bb3 Kg7 37. Nd3 Nc5 38. Bc2 Bd6 39. Ke3 Bd7 40. b4
Nxd3 41. Bxd3 Kf6 42. Nf3 Be6 43. a3 Ke7 44. c4 a5 45. Ne5 axb4 46. axb4 Bd7
47. Nxd7 1/2-1/2

[Event "I SCS Open GM Chess Tournament"]
[Site "Bhubaneswar IND"]
[Date "2009.06.08"]
[Round "2"]
[White "Enamul, Hossain"]
[Black "Manisha Mohanty, Kiran"]
[Result "1-0"]
[WhiteElo "2531"]
[BlackElo "2182"]
[PlyCount "109"]
[EventDate "2009.06.07"]
[EventType "swiss"]
[EventRounds "10"]
[EventCountry "IND"]
[Source "lmi"]
[SourceDate "2009.06.07"]

1. e4 c5 2. Nf3 Nc6 3. d3 g6 4. g3 Bg7 5. Bg2 e6 6. O-O Nge7 7. c3 d5 8. Qe2
O-O 9. Na3 Rb8 10. Nc2 b5 11. Be3 d4 12. cxd4 cxd4 13. Bd2 e5 14. Nb4 a5 15.
Nxc6 Nxc6 16. Rfc1 Qd6 17. a3 Be6 18. Ng5 Bb3 19. f4 f6 20. Nf3 Rfc8 21. Bh3
Be6 22. Bxe6+ Qxe6 23. fxe5 fxe5 24. Ng5 Qd7 25. Rc5 h6 26. Nf3 Qe6 27. Rac1 b4
28. axb4 Nxb4 29. Bxb4 axb4 30. Qc2 Rxc5 31. Qxc5 Rf8 32. Kg2 Qf6 33. Rf1 Kh7
34. Qxb4 Qa6 35. Qb3 Qa7 36. Qc4 Qb7 37. Rf2 Rc8 38. Qe6 Rc6 39. Qe8 Rc8 40.
Qe6 Rc6 41. Qd5 Qc7 42. Nd2 Rc2 43. Nc4 Rxf2+ 44. Kxf2 Qe7 45. h4 Qb4 46. Qa5
Qf8+ 47. Kg2 Qc8 48. Qd2 Qg4 49. b4 g5 50. hxg5 hxg5 51. b5 Qh5 52. b6 g4 53.
Qf2 Qe8 54. Qf5+ Kg8 55. b7 1-0